| 000 | 00442nab a2200145Ia 4500 | ||
|---|---|---|---|
| 003 | ES-SlBCS | ||
| 005 | 20210601130452.0 | ||
| 008 | 140529s1976 xxu||||| |||| 00| 0 fre d | ||
| 041 | _afre | ||
| 100 | 1 |
_aRostenne, Paul _9173288 |
|
| 245 | 0 | 0 |
_aL'ontologisme de l'intelligence, selon Sciacca _c Paul Rostenne |
| 600 | 1 | 4 |
_aSciacca-Ontologismo _9173348 |
| 773 | 0 |
_tGiornali di Metafisica _gvol. 31, 1976, págs. 672-681 _w0017-0372 |
|
| 942 | _cAR | ||
| 999 |
_c547192 _d547192 |
||